LEADER 00796nas a2200241 u 4500 001 991004350037807536 005 20241113092610.0 008 241113d19951995it r r 001 ||ita d 022 $a2388-6889 040 $aBibl. Dip.le Aggr. Scienze Economia - Sez. Settore Economico 222 0$aCorriere tributario plus 245 00$aCorriere tributario plus :$bsupplemento di normativa e giurisprudenza riservato agli abbonati del Corriere tributario 260 $aMilano :$bIpsoa,$c1995 300 $a1 v. ;$c30 cm 310 $aMensile 362 0 $a1995, 1-12 500 $aPrecede numero 0 591 $aCodice CNR: P 00235419 592 $aLE025 1995. 772 1 $tCorriere tributario$x1590-8100 912 $a991004350037807536 996 $aCorriere tributario plus$91125722 997 $aUNISALENTO